| 000 | 00301nam a2200097Ia 4500 | ||
|---|---|---|---|
| 008 | 230907s9999||||xx |||||||||||||| ||und|| | ||
| 082 |
_a530.4 _bTHI |
||
| 245 | 0 | _aThin film materials and devices - developments in science and technology : | |
| 260 |
_aWorld Scientific, _bNew Jersey : _c1999 |
||
| 942 | _cBK | ||
| 999 |
_c600085 _d600085 |
||